Политология: учебник для вузов; пер. с англ.

Detalhes bibliográficos
Autor principal: Хейвуд Э. Эндлю
Resumo:Это один из лучших зарубежных учебников по политологии. Он максимально полно вводит читателя в проблематику современной политики и политологии. Большое внимание уделено глобализации, движениям феминизма и «зеленых», подъему этносоциализма. В учебнике рассмотрены и традиционные подходы к дисциплине, а также концепции и идеи классиков политической мысли — Платона, Аристотеля, Гоббса, Локка, Маркса, Милля и др. В книге пять частей: «Политические теории», «Нации и глобализация», «Политическое взаимодействие», «Механизмы государственного управления», «Политика и функционирование политических систем». Каждая глава открывается общим взглядом на ее основные вопросы и темы. В конце главы приводятся выводы и перечень вопросов для обсуждения. Врезки особо выделяют тот или иной термин или концепцию. Врезки «Обратим внимание» предлагают более углубленный взгляд на соответствующие теории и концепции. Приводятся также биографии политических лидеров и словарь политических терминов. Для студентов, аспирантов, преподавателей вузов, политологов, социологов, журналистов, специалистов-международников, политических деятелей, для всех интересующихся проблемами политики и политологии.
Idioma:russo
Publicado em: Москва, ЮНИТИ-ДАНА, 2005
Colecção:Зарубежный учебник
Assuntos:
Formato: MixedMaterials Livro
KOHA link:https://koha.lib.tpu.ru/cgi-bin/koha/opac-detail.pl?biblionumber=70416

MARC

LEADER 00000nam0a2200000 4500
001 70416
005 20231101212518.0
010 |a 5238008147 
035 |a (RuTPU)RU\TPU\book\74978 
090 |a 70416 
100 |a 20041123d2005 m y0rusy50 ca 
101 1 |a rus  |c eng 
102 |a RU 
105 |a ac j 001zy 
200 1 |a Политология  |e учебник для вузов  |e пер. с англ.  |f Э. Хейвуд 
210 |a Москва  |c ЮНИТИ-ДАНА  |d 2005 
215 |a 526 с.  |c ил. 
225 1 |a Зарубежный учебник 
320 |a Словарь терминов: с. 510-525. 
330 |a Это один из лучших зарубежных учебников по политологии. Он максимально полно вводит читателя в проблематику современной политики и политологии. Большое внимание уделено глобализации, движениям феминизма и «зеленых», подъему этносоциализма. В учебнике рассмотрены и традиционные подходы к дисциплине, а также концепции и идеи классиков политической мысли — Платона, Аристотеля, Гоббса, Локка, Маркса, Милля и др. В книге пять частей: «Политические теории», «Нации и глобализация», «Политическое взаимодействие», «Механизмы государственного управления», «Политика и функционирование политических систем». Каждая глава открывается общим взглядом на ее основные вопросы и темы. В конце главы приводятся выводы и перечень вопросов для обсуждения. Врезки особо выделяют тот или иной термин или концепцию. Врезки «Обратим внимание» предлагают более углубленный взгляд на соответствующие теории и концепции. Приводятся также биографии политических лидеров и словарь политических терминов. Для студентов, аспирантов, преподавателей вузов, политологов, социологов, журналистов, специалистов-международников, политических деятелей, для всех интересующихся проблемами политики и политологии. 
606 1 |a Политология  |2 stltpush  |3 (RuTPU)RU\TPU\subj\50495  |9 69168 
610 1 |a политика 
610 1 |a политические теории 
610 1 |a политические системы 
610 1 |a политические режимы 
610 1 |a политическая идеология 
610 1 |a либерализм 
610 1 |a консерватизм 
610 1 |a социализм 
610 1 |a марксизм 
610 1 |a социал-демократия 
610 1 |a фашизм 
610 1 |a анархизм 
610 1 |a феминизм 
610 1 |a экологизм 
610 1 |a религиозный фундаментализм 
610 1 |a демократия 
610 1 |a государство 
610 1 |a глобализация 
610 1 |a нации 
610 1 |a национализм 
610 1 |a поликультурализм 
610 1 |a мировая политика 
610 1 |a мировое правительство 
610 1 |a внутренняя политика 
610 1 |a этническая политика 
610 1 |a политическое взаимодействие 
610 1 |a экономические системы 
610 1 |a социальная структура 
610 1 |a общество 
610 1 |a политическая культура 
610 1 |a легитимность 
610 1 |a представительство 
610 1 |a выборы 
610 1 |a электорат 
610 1 |a политические партии 
610 1 |a социальные движения 
610 1 |a государственное управление 
610 1 |a конституции 
610 1 |a судебные системы 
610 1 |a законодательные собрания 
610 1 |a исполнительная власть 
610 1 |a государственная служба 
610 1 |a бюрократия 
610 1 |a армия 
610 1 |a полиция 
610 1 |a политический процесс 
686 |a Ф011.6я73  |v LBC/SL-A  |2 rubbk 
700 1 |a Хейвуд  |b Э.  |g Эндлю 
801 1 |a RU  |b 63413507  |c 20041123  |g PSBO 
801 2 |a RU  |b 63413507  |c 20130716  |g PSBO 
942 |c BK 
959 |a 18/20060226  |d 1  |e 340,45  |f ЧЗГЛ:1